[Event "28. Abierto Ciudad de Sevilla"]
[Site "Sevilla ESP"]
[Date "2003.01.16"]
[Round "7"]
[White "Cheparinov, Ivan"]
[Black "Tissir, Mohamed"]
[Result "1/2-1/2"]
[WhiteElo "2478"]
[BlackElo "2366"]
[PlyCount "96"]
[EventDate "2003.01.18"]
[EventType "swiss"]
[EventRounds "9"]
[EventCountry "ESP"]
[Source "lmi"]
[SourceDate "2003.01.10"]

1. e4 c5 2. Nf3 d6 3. d4 cxd4 4. Nxd4 Nf6 5. Nc3 a6 6. Be3 e6 7. g4 b5 8. g5
Nfd7 9. f4 b4 10. Nce2 Bb7 11. Bg2 g6 12. Qd2 e5 13. Qxb4 Qc7 14. Nb3 Nc6 15.
Qd2 a5 16. Nc3 a4 17. Nd5 Qd8 18. Nc1 exf4 19. Bxf4 Nce5 20. O-O Bg7 21. Nd3
Bxd5 22. exd5 Nxd3 23. cxd3 O-O 24. d4 Qb6 25. Be3 Rae8 26. Bf2 Qb5 27. Rae1
Nb6 28. Bg3 Rd8 29. Kh1 Nxd5 30. Qe2 Nc7 31. Qxb5 Nxb5 32. Bc6 Rb8 33. Bd5 Bxd4
34. Re7 Bxb2 35. Bxf7+ Kh8 36. Rd1 Bg7 37. Bc4 Rfc8 38. Be6 Rf8 39. Rc1 Bb2 40.
Rc4 a3 41. Bxd6 Nxd6 42. Rcc7 Nf7 43. Bxf7 Rbc8 44. Bc4 Rxc7 45. Rxc7 Be5 46.
Ra7 Rc8 47. Bb3 Rc1+ 48. Kg2 Rg1+ 1/2-1/2

[Event "28. Abierto Ciudad de Sevilla"]
[Site "Sevilla ESP"]
[Date "2003.01.16"]
[Round "7"]
[White "Xu, Yuan"]
[Black "Candela Perez, Jose"]
[Result "1-0"]
[WhiteElo "2325"]
[BlackElo "2432"]
[PlyCount "57"]
[EventDate "2003.01.18"]
[EventType "swiss"]
[EventRounds "9"]
[EventCountry "ESP"]
[Source "lmi"]
[SourceDate "2003.01.10"]

1. d4 f5 2. g3 Nf6 3. Bg2 g6 4. Nf3 Bg7 5. b4 d6 6. Bb2 O-O 7. c4 e6 8. O-O
Nbd7 9. Nc3 e5 10. dxe5 Nxe5 11. Nxe5 dxe5 12. Qxd8 Rxd8 13. Nb5 Ne8 14. Rfd1
Be6 15. Bxb7 Rxd1+ 16. Rxd1 Rb8 17. Bc6 Bxc4 18. Nxa7 Nd6 19. a3 e4 20. Bxg7
Kxg7 21. Rc1 Kf6 22. b5 Bxe2 23. a4 Ke6 24. a5 g5 25. a6 Bc4 26. Bb7 Bd5 27.
Nc6 Rf8 28. Rc5 Nc4 29. Nd4+ 1-0

[Event "28. Abierto Ciudad de Sevilla"]
[Site "Sevilla ESP"]
[Date "2003.01.16"]
[Round "7"]
[White "Garcia Luque, Agustin"]
[Black "Bernard, Jacques"]
[Result "1-0"]
[WhiteElo "2406"]
[BlackElo "2201"]
[PlyCount "59"]
[EventDate "2003.01.18"]
[EventType "swiss"]
[EventRounds "9"]
[EventCountry "ESP"]
[Source "lmi"]
[SourceDate "2003.01.10"]

1. e4 c5 2. Nf3 Nc6 3. Bb5 e6 4. O-O Nge7 5. c3 d5 6. e5 Bd7 7. Bd3 Qc7 8. Re1
Ng6 9. Bxg6 hxg6 10. d4 Be7 11. Na3 Qb6 12. Nc2 Rc8 13. Ne3 cxd4 14. cxd4 Na5
15. Ng4 Bb4 16. Bd2 Nc4 17. Bxb4 Qxb4 18. Rb1 O-O 19. a3 Qe7 20. h4 Rc6 21. Ng5
Rfc8 22. f4 Rb6 23. h5 Nxb2 24. Rxb2 Rxb2 25. hxg6 f6 26. Nf7 Be8 27. exf6 gxf6
28. Ngh6+ Kf8 29. g7+ Kxg7 30. Qg4+ 1-0

[Event "28. Abierto Ciudad de Sevilla"]
[Site "Sevilla ESP"]
[Date "2003.01.16"]
[Round "7"]
[White "Lopez Rodriguez, Fernando"]
[Black "Wang, Yu"]
[Result "0-1"]
[WhiteElo "2152"]
[BlackElo "2359"]
[PlyCount "70"]
[EventDate "2003.01.18"]
[EventType "swiss"]
[EventRounds "9"]
[EventCountry "ESP"]
[Source "lmi"]
[SourceDate "2003.01.10"]

1. d4 d5 2. c4 c6 3. Nc3 Nf6 4. e3 a6 5. Nf3 b5 6. cxd5 cxd5 7. Bd3 e6 8. O-O
Be7 9. e4 dxe4 10. Nxe4 Bb7 11. Qe2 O-O 12. Bg5 Nc6 13. Rad1 Nb4 14. Bb1 Nxe4
15. Bxe7 Qxe7 16. Bxe4 Rfd8 17. a3 Bxe4 18. Qxe4 Nd5 19. Ne5 Rac8 20. Rd3 Rc7
21. Rh3 h6 22. Rf3 Qd6 23. Qh4 Rdc8 24. Rg3 Ne7 25. Qf4 Nf5 26. Rd3 Qd5 27. h4
Rc2 28. b4 R2c3 29. Rfd1 Rc2 30. h5 Re2 31. Rc1 Rxc1+ 32. Qxc1 Rxe5 33. Qc8+
Kh7 34. Qf8 Re1+ 35. Kh2 Qc4 0-1

[Event "28. Abierto Ciudad de Sevilla"]
[Site "Sevilla ESP"]
[Date "2003.01.16"]
[Round "7"]
[White "Razmyslov, Alexander"]
[Black "Mirzoev, Azer"]
[Result "0-1"]
[WhiteElo "2345"]
[BlackElo "2533"]
[PlyCount "132"]
[EventDate "2003.01.18"]
[EventType "swiss"]
[EventRounds "9"]
[EventCountry "ESP"]
[Source "lmi"]
[SourceDate "2003.01.10"]

1. d4 d5 2. Nf3 Nf6 3. c4 dxc4 4. e3 a6 5. Bxc4 e6 6. O-O c5 7. Qe2 Nbd7 8. Rd1
b5 9. Bb3 Bb7 10. Nc3 Qb6 11. d5 exd5 12. Nxd5 Nxd5 13. Bxd5 Bxd5 14. Rxd5 Qc6
15. e4 Be7 16. Bg5 f6 17. Bf4 Nb6 18. Rd3 O-O 19. Nh4 Rfe8 20. Nf5 Bf8 21. Re1
Nc4 22. h4 g6 23. Ng3 Rad8 24. Rxd8 Rxd8 25. h5 Qe6 26. hxg6 hxg6 27. Nf1 Ne5
28. Bxe5 Qxe5 29. b3 Kg7 30. Qc2 Qd4 31. Ne3 Qd2 32. Re2 Qxc2 33. Rxc2 Kf7 34.
Kf1 Rd4 35. f3 Ke6 36. Ke2 Rd7 37. Nd5 Bd6 38. Ke3 f5 39. Nf4+ Kf7 40. Nd3 Rc7
41. e5 Bf8 42. Nf4 Rc6 43. Ne2 Ke6 44. f4 Rc8 45. g3 Be7 46. Nc3 c4 47. bxc4
Rxc4 48. Kd3 Bc5 49. Rh2 Rd4+ 50. Kc2 Bb4 51. Nb1 Be1 52. Rg2 Ra4 53. Kd1 Bb4
54. Rc2 Kd5 55. Re2 Kd4 56. Nd2 Kd5 57. Nf3 Ra3 58. Rf2 a5 59. Kc1 a4 60. Kb1
Re3 61. Rf1 Bc3 62. Rd1+ Kc4 63. Nd2+ Kc5 64. Kc2 b4 65. Nf1 Re2+ 66. Kd3 Rxa2
0-1

[Event "28. Abierto Ciudad de Sevilla"]
[Site "Sevilla ESP"]
[Date "2003.01.17"]
[Round "8"]
[White "Teran Alvarez, Ismael"]
[Black "Lin, Ta"]
[Result "0-1"]
[WhiteElo "2404"]
[BlackElo "2360"]
[PlyCount "73"]
[EventDate "2003.01.18"]
[EventType "swiss"]
[EventRounds "9"]
[EventCountry "ESP"]
[Source "lmi"]
[SourceDate "2003.01.10"]

1. e4 e5 2. Nf3 Nc6 3. Bb5 a6 4. Ba4 Nf6 5. O-O Be7 6. Re1 b5 7. Bb3 d6 8. c3
O-O 9. h3 Bb7 10. d4 Re8 11. Ng5 Rf8 12. Nf3 Re8 13. Nbd2 Bf8 14. d5 Ne7 15.
Nf1 h6 16. N3h2 c5 17. Bc2 Nd7 18. Ng3 g6 19. Ng4 Kh7 20. Qf3 Bg7 21. Bxh6 Bxh6
22. Qxf7+ Bg7 23. Nf5 Nxf5 24. exf5 Qe7 25. Qxg6+ Kg8 26. f4 Rf8 27. fxe5 dxe5
28. f6 Rxf6 29. Nxf6+ Nxf6 30. Rad1 Rd8 31. Rf1 Rd6 32. c4 bxc4 33. g4 e4 34.
Qf5 e3 35. g5 e2 36. gxf6 exf1=Q+ 37. Rxf1 0-1

[Event "28. Abierto Ciudad de Sevilla"]
[Site "Sevilla ESP"]
[Date "2003.01.17"]
[Round "8"]
[White "Barrero Garcia, Carlos"]
[Black "Cheparinov, Ivan"]
[Result "1/2-1/2"]
[WhiteElo "2325"]
[BlackElo "2478"]
[PlyCount "83"]
[EventDate "2003.01.18"]
[EventType "swiss"]
[EventRounds "9"]
[EventCountry "ESP"]
[Source "lmi"]
[SourceDate "2003.01.10"]

1. Nf3 c5 2. c4 Nc6 3. Nc3 e5 4. d3 d6 5. a3 g6 6. Rb1 a5 7. g3 Bg7 8. Bg2 Nge7
9. O-O O-O 10. Bg5 f6 11. Bd2 Be6 12. Ne1 Rb8 13. Nc2 d5 14. cxd5 Nxd5 15. Nxd5
Bxd5 16. Bxd5+ Qxd5 17. b4 cxb4 18. axb4 axb4 19. Nxb4 Nxb4 20. Rxb4 b5 21. Qb3
Qxb3 22. Rxb3 Rf7 23. f4 Bf8 24. Rfb1 Rfb7 25. Bb4 Bxb4 26. Rxb4 exf4 27. gxf4
f5 28. Kf2 Kf7 29. e4 fxe4 30. dxe4 Ke6 31. Rd1 Rc8 32. Rd5 Rc2+ 33. Ke3 Rxh2
34. Rbxb5 Ra7 35. Rb6+ Kf7 36. Rdb5 Rh3+ 37. Kd4 Rd7+ 38. Rd5 Re7 39. Re5 Ra7
40. Reb5 Rd7+ 41. Rd5 Re7 42. Re5 1/2-1/2

[Event "28. Abierto Ciudad de Sevilla"]
[Site "Sevilla ESP"]
[Date "2003.01.17"]
[Round "8"]
[White "Tissir, Mohamed"]
[Black "Curcuru, John Michael"]
[Result "1-0"]
[WhiteElo "2366"]
[BlackElo "1800"]
[PlyCount "61"]
[EventDate "2003.01.18"]
[EventType "swiss"]
[EventRounds "9"]
[EventCountry "ESP"]
[Source "lmi"]
[SourceDate "2003.01.10"]

1. e4 c5 2. Nc3 e6 3. Nf3 Nc6 4. d4 cxd4 5. Nxd4 Nf6 6. Nb3 Bb4 7. Bd2 O-O 8.
Qe2 d5 9. exd5 exd5 10. O-O-O a5 11. a3 a4 12. Na1 Be7 13. Qd3 Be6 14. Be3 Qd7
15. f3 Rfd8 16. Bb6 Rdc8 17. Qb5 Qd6 18. Kb1 Na7 19. Bxa7 Rxa7 20. Ne2 Rc5 21.
Qd3 b5 22. c3 Nd7 23. Nd4 Ne5 24. Qe3 Rb7 25. Nac2 Nc4 26. Bxc4 bxc4 27. Rhe1
Qxh2 28. Nxe6 fxe6 29. Qxe6+ Kh8 30. Rxd5 Qc7 31. Qxe7 1-0

[Event "28. Abierto Ciudad de Sevilla"]
[Site "Sevilla ESP"]
[Date "2003.01.17"]
[Round "8"]
[White "Rizouk, Aimen"]
[Black "Ramirez Guerrero, Enrique"]
[Result "1-0"]
[WhiteElo "2519"]
[BlackElo "2078"]
[PlyCount "39"]
[EventDate "2003.01.18"]
[EventType "swiss"]
[EventRounds "9"]
[EventCountry "ESP"]
[Source "lmi"]
[SourceDate "2003.01.10"]

1. e4 e6 2. d4 d5 3. Nd2 dxe4 4. Nxe4 Bd7 5. Nf3 Bc6 6. Bd3 Nd7 7. O-O Ngf6 8.
Ng3 Be7 9. b3 O-O 10. Bb2 a5 11. a3 b5 12. Ne5 Nxe5 13. dxe5 Nd5 14. Qg4 Bg5
15. Rad1 Qe7 16. Ne4 Bh6 17. Nf6+ Kh8 18. Qe4 g6 19. Qh4 Kg7 20. Bc1 1-0

[Event "28. Abierto Ciudad de Sevilla"]
[Site "Sevilla ESP"]
[Date "2003.01.17"]
[Round "8"]
[White "Candela Perez, Jose"]
[Black "Ramos Suria, Felix"]
[Result "1-0"]
[WhiteElo "2432"]
[BlackElo "2127"]
[PlyCount "57"]
[EventDate "2003.01.18"]
[EventType "swiss"]
[EventRounds "9"]
[EventCountry "ESP"]
[Source "lmi"]
[SourceDate "2003.01.10"]

1. d4 Nf6 2. c4 c5 3. d5 e6 4. Nc3 exd5 5. cxd5 d6 6. Nf3 g6 7. h3 Bg7 8. e4
O-O 9. Bg5 h6 10. Be3 b5 11. e5 dxe5 12. Bxc5 Re8 13. Bxb5 Nfd7 14. Be3 Ba6 15.
O-O Bxb5 16. Nxb5 Nb6 17. d6 Na6 18. Qb3 Qd7 19. Rac1 Rab8 20. Rfd1 Nc8 21. a4
Re6 22. Rd5 Nb6 23. Bxb6 axb6 24. Nc7 Rc8 25. Qxb6 Nxc7 26. Rxc7 Qd8 27. Qc5
Rb8 28. d7 Bf8 29. Qc4 1-0

[Event "28. Abierto Ciudad de Sevilla"]
[Site "Sevilla ESP"]
[Date "2003.01.17"]
[Round "8"]
[White "Nicholson, John G"]
[Black "Fernandez Romero, Ernesto"]
[Result "0-1"]
[WhiteElo "2175"]
[BlackElo "2396"]
[PlyCount "54"]
[EventDate "2003.01.18"]
[EventType "swiss"]
[EventRounds "9"]
[EventCountry "ESP"]
[Source "lmi"]
[SourceDate "2003.01.10"]

1. e4 e6 2. d3 d5 3. Nd2 c5 4. Ngf3 Nc6 5. g3 Bd6 6. Bg2 Nge7 7. O-O O-O 8. Nh4
Qc7 9. f4 f6 10. c3 d4 11. a4 Bd7 12. Nc4 e5 13. Bd2 dxc3 14. bxc3 Be6 15. Rf2
Rad8 16. Qf1 Qd7 17. Be3 b6 18. f5 Bf7 19. Bf3 Bc7 20. Be2 Nc8 21. g4 Bxc4 22.
dxc4 Nd6 23. Rd1 Qf7 24. Bd3 Na5 25. g5 Qh5 26. Nf3 Nxe4 27. Bxe4 Qg4+ 0-1

[Event "28. Abierto Ciudad de Sevilla"]
[Site "Sevilla ESP"]
[Date "2003.01.17"]
[Round "8"]
[White "Cifuentes Parada, Roberto"]
[Black "Lalic, Bogdan"]
[Result "1/2-1/2"]
[WhiteElo "2506"]
[BlackElo "2547"]
[PlyCount "36"]
[EventDate "2003.01.18"]
[EventType "swiss"]
[EventRounds "9"]
[EventCountry "ESP"]
[Source "lmi"]
[SourceDate "2003.01.10"]

1. d4 Nf6 2. Nf3 d5 3. c4 e6 4. Nc3 Bb4 5. Bg5 h6 6. Bxf6 Qxf6 7. e3 O-O 8. Rc1
dxc4 9. Bxc4 c5 10. O-O cxd4 11. exd4 Rd8 12. Ne4 Qe7 13. Qe2 Nc6 14. Rfd1 Bd7
15. a3 Ba5 16. b4 Bb6 17. Nc5 Be8 18. Qe4 a5 1/2-1/2

[Event "28. Abierto Ciudad de Sevilla"]
[Site "Sevilla ESP"]
[Date "2003.01.17"]
[Round "8"]
[White "Zhou, Wile"]
[Black "Matamoros Franco, Carlos S"]
[Result "1-0"]
[WhiteElo "2353"]
[BlackElo "2460"]
[PlyCount "75"]
[EventDate "2003.01.18"]
[EventType "swiss"]
[EventRounds "9"]
[EventCountry "ESP"]
[Source "lmi"]
[SourceDate "2003.01.10"]

1. Nf3 Nf6 2. b3 g6 3. Bb2 Bg7 4. g3 d6 5. Bg2 e5 6. d3 O-O 7. O-O c5 8. c4 Nc6
9. Nc3 h6 10. Ne1 Be6 11. Nc2 d5 12. Ba3 b6 13. b4 cxb4 14. Nxb4 Nxb4 15. Bxb4
Re8 16. Nb5 Qd7 17. Nd6 Red8 18. Qb3 Bf8 19. cxd5 Nxd5 20. Bxd5 Bxd5 21. Qxd5
Bxd6 22. Bd2 Bf8 23. Qe4 Qd5 24. Qxd5 Rxd5 25. Be3 Bg7 26. a4 Re8 27. Rac1 e4
28. dxe4 Rxe4 29. Rc8+ Kh7 30. Rc7 Kg8 31. Rxa7 Ra5 32. Rb7 Rexa4 33. Kg2 h5
34. Rd1 Rf5 35. f4 Rb4 36. h3 Rb2 37. g4 hxg4 38. hxg4 1-0

[Event "28. Abierto Ciudad de Sevilla"]
[Site "Sevilla ESP"]
[Date "2003.01.17"]
[Round "8"]
[White "Xu, Jun"]
[Black "Cabrera, Alexis"]
[Result "1/2-1/2"]
[WhiteElo "2626"]
[BlackElo "2478"]
[PlyCount "80"]
[EventDate "2003.01.18"]
[EventType "swiss"]
[EventRounds "9"]
[EventCountry "ESP"]
[Source "lmi"]
[SourceDate "2003.01.10"]

1. d4 Nf6 2. c4 g6 3. Nc3 Bg7 4. e4 d6 5. Be2 O-O 6. Be3 e5 7. Nf3 Ng4 8. Bg5
f6 9. Bh4 g5 10. Bg3 Nh6 11. h3 Nc6 12. d5 Nd4 13. Nxd4 exd4 14. Qxd4 f5 15.
Qd2 f4 16. Bh2 a6 17. f3 Be5 18. Bg1 b6 19. Bd4 Nf7 20. h4 gxh4 21. O-O-O Bxd4
22. Qxd4 Ne5 23. Qf2 Ng6 24. e5 Nxe5 25. Rxh4 Bf5 26. Rdh1 Bg6 27. Ne4 Bxe4 28.
fxe4 Rf7 29. Rxf4 Qg5 30. g3 Raf8 31. Kb1 Rxf4 32. gxf4 Qxf4 33. Qg2+ Kh8 34.
c5 Rg8 35. Qh3 Qxe4+ 36. Ka1 b5 37. c6 Rf8 38. a3 Qf5 39. Qh4 Rg8 40. Bd1 Rf8
1/2-1/2

[Event "28. Abierto Ciudad de Sevilla"]
[Site "Sevilla ESP"]
[Date "2003.01.17"]
[Round "8"]
[White "Rausis, Igors"]
[Black "Xu, Yuan"]
[Result "1-0"]
[WhiteElo "2541"]
[BlackElo "2325"]
[PlyCount "81"]
[EventDate "2003.01.18"]
[EventType "swiss"]
[EventRounds "9"]
[EventCountry "ESP"]
[Source "lmi"]
[SourceDate "2003.01.10"]

1. e4 c6 2. d4 d5 3. e5 Bf5 4. Be3 Qb6 5. Qc1 e6 6. Nf3 c5 7. c4 Nc6 8. cxd5
cxd4 9. dxc6 dxe3 10. fxe3 bxc6 11. Nc3 Bb4 12. a3 Bxc3+ 13. Qxc3 Ne7 14. Qd4
O-O 15. Qxb6 axb6 16. Be2 Ng6 17. Kf2 Rfd8 18. Rhd1 Bg4 19. Rd6 Bxf3 20. gxf3
Nxe5 21. Rad1 Rxd6 22. Rxd6 Rc8 23. Ba6 Rb8 24. f4 Ng4+ 25. Kf3 Nf6 26. Rxc6
Kf8 27. e4 h6 28. h4 g6 29. a4 Ne8 30. b4 Ke7 31. Ke3 Kd8 32. Bb5 Ke7 33. e5
Rb7 34. Rc8 Nc7 35. Bc6 Ra7 36. Kd4 f6 37. Rh8 Kf7 38. Rh7+ Kg8 39. Rd7 g5 40.
exf6 gxh4 41. Ke4 1-0

[Event "28. Abierto Ciudad de Sevilla"]
[Site "Sevilla ESP"]
[Date "2003.01.17"]
[Round "8"]
[White "Maus, Siegfried"]
[Black "Rustemov, Alexander"]
[Result "0-1"]
[WhiteElo "2280"]
[BlackElo "2604"]
[PlyCount "110"]
[EventDate "2003.01.18"]
[EventType "swiss"]
[EventRounds "9"]
[EventCountry "ESP"]
[Source "lmi"]
[SourceDate "2003.01.10"]

1. d4 Nf6 2. Nf3 d5 3. e3 Bf5 4. c4 c6 5. cxd5 cxd5 6. Qb3 Qc7 7. Nc3 e6 8. Bd2
Nc6 9. Rc1 Be7 10. Be2 Nd7 11. Na4 Rc8 12. a3 Qb8 13. O-O O-O 14. Rc3 Nf6 15.
Rcc1 Ne4 16. h3 h6 17. Rfd1 Rc7 18. Nc3 Rfc8 19. Nxe4 dxe4 20. Ne1 Bg5 21. Nc2
Ne7 22. Nb4 Rxc1 23. Rxc1 Rd8 24. Rc2 Bg6 25. Be1 Bf6 26. a4 Nf5 27. Bc3 Bh4
28. Be1 e5 29. dxe5 Qxe5 30. Qc3 Qe7 31. Rd2 Bf6 32. Qb3 Be5 33. Rxd8+ Qxd8 34.
Bc3 Bb8 35. Qd5 Qc7 36. Bg4 Qh2+ 37. Kf1 Nd6 38. Be5 Qh1+ 39. Ke2 h5 40. Bd7 a5
41. Qxa5 Qxg2 42. Qd8+ Kh7 43. Qxb8 Qf3+ 44. Ke1 Nc4 45. Bd4 Qh1+ 46. Ke2 Qc1
47. Qf8 f6 48. Be6 Qd2+ 49. Kf1 Qd1+ 50. Kg2 Nd2 51. Qg8+ Kh6 52. Bc4 Qf3+ 53.
Kg1 Qxh3 54. f4 Qg3+ 55. Kh1 Nf3 0-1

[Event "28. Abierto Ciudad de Sevilla"]
[Site "Sevilla ESP"]
[Date "2003.01.17"]
[Round "8"]
[White "Wang, Yu"]
[Black "Campora Perez, Daniel"]
[Result "0-1"]
[WhiteElo "2359"]
[BlackElo "2505"]
[PlyCount "61"]
[EventDate "2003.01.18"]
[EventType "swiss"]
[EventRounds "9"]
[EventCountry "ESP"]
[Source "lmi"]
[SourceDate "2003.01.10"]

1. e4 e5 2. Nc3 Nf6 3. f4 d5 4. fxe5 Nxe4 5. Qf3 Nxc3 6. dxc3 Be6 7. Bf4 Qd7 8.
O-O-O Nc6 9. h3 O-O-O 10. Bd3 Be7 11. Qe2 Na5 12. Kb1 c5 13. Qf1 d4 14. c4 b5
15. cxb5 c4 16. Be4 Qxb5 17. Nf3 Qb6 18. Ka1 h6 19. Bd2 Bc5 20. Qe1 c3 21. bxc3
Nc4 22. Rb1 Qa5 23. Bb7+ Kc7 24. Qe4 Qxa2+ 25. Kxa2 Nxd2+ 26. Ka1 Nxe4 27. Bxe4
dxc3 28. Rb7+ Kc8 29. Rhb1 Bb6 30. Re7 Kb8 31. Bb7 0-1

[Event "28. Abierto Ciudad de Sevilla"]
[Site "Sevilla ESP"]
[Date "2003.01.17"]
[Round "8"]
[White "Mellado Triviño, Juan"]
[Black "Bick, John D"]
[Result "1-0"]
[WhiteElo "1922"]
[BlackElo "2296"]
[PlyCount "77"]
[EventDate "2003.01.18"]
[EventType "swiss"]
[EventRounds "9"]
[EventCountry "ESP"]
[Source "lmi"]
[SourceDate "2003.01.10"]

1. e4 e5 2. Nf3 Nf6 3. Nxe5 d6 4. Nf3 Nxe4 5. Nc3 Nxc3 6. dxc3 Be7 7. Be3 Nc6
8. Qd2 Bg4 9. Nd4 O-O 10. h3 Be6 11. Nxe6 fxe6 12. O-O-O Rb8 13. f4 b5 14. g4
Kh8 15. h4 d5 16. h5 d4 17. h6 g6 18. cxd4 Qd5 19. Qg2 Bd6 20. f5 Qxa2 21. Qxc6
exf5 22. Qc3 b4 23. Qb3 Qa1+ 24. Kd2 Qa5 25. gxf5 Rxf5 26. Bd3 Rf3 27. Rdf1
Rxe3 28. Qf7 Rxd3+ 29. Kxd3 Qb5+ 30. Kd2 Qg5+ 31. Kd1 Qe7 32. Qxe7 Bxe7 33. Rf7
Bg5 34. Rxc7 a5 35. Rf1 Bxh6 36. Rff7 Kg8 37. Rxh7 Bf8 38. b3 Rd8 39. Rhd7 1-0

[Event "28. Abierto Ciudad de Sevilla"]
[Site "Sevilla ESP"]
[Date "2003.01.17"]
[Round "8"]
[White "Van der Plas, Rob"]
[Black "Ivanov, Jordan"]
[Result "0-1"]
[WhiteElo "2217"]
[BlackElo "2446"]
[PlyCount "65"]
[EventDate "2003.01.18"]
[EventType "swiss"]
[EventRounds "9"]
[EventCountry "ESP"]
[Source "lmi"]
[SourceDate "2003.01.10"]

1. d4 Nf6 2. c4 d6 3. Nc3 Bf5 4. g3 e5 5. Bg2 c6 6. Nf3 Nbd7 7. O-O h6 8. b4 e4
9. Nd2 d5 10. Qb3 dxc4 11. Qb1 Nd5 12. Nxd5 cxd5 13. f3 c3 14. Nb3 Nf6 15. Nc5
b6 16. fxe4 Bh7 17. Na4 Bxe4 18. Qb3 Rc8 19. Nxc3 Bxg2 20. Kxg2 Be7 21. Bb2 Qd7
22. a3 O-O 23. Rae1 Rfe8 24. Kg1 Bd8 25. Rf3 Rc4 26. Rd1 Qh3 27. e3 Ng4 28. Qc2
Rxe3 29. Rdf1 Rxf3 30. Rxf3 Bf6 31. Qg2 Bxd4+ 32. Kh1 Qxg2+ 33. Kxg2 0-1

[Event "28. Abierto Ciudad de Sevilla"]
[Site "Sevilla ESP"]
[Date "2003.01.17"]
[Round "8"]
[White "Valdes, Leonardo"]
[Black "Peña Dieguez, Manuel"]
[Result "1-0"]
[WhiteElo "2407"]
[BlackElo "2084"]
[PlyCount "85"]
[EventDate "2003.01.18"]
[EventType "swiss"]
[EventRounds "9"]
[EventCountry "ESP"]
[Source "lmi"]
[SourceDate "2003.01.10"]

1. Nf3 Nf6 2. c4 g6 3. g3 Bg7 4. Bg2 O-O 5. O-O d5 6. cxd5 Nxd5 7. Nc3 Nxc3 8.
dxc3 Qxd1 9. Rxd1 Nc6 10. Bf4 e5 11. Be3 Bf5 12. Nd2 Rfd8 13. Bxc6 bxc6 14. Nb3
Rxd1+ 15. Rxd1 a5 16. Nxa5 Bf6 17. b4 Kf8 18. h4 h5 19. Rd2 Ra6 20. Bc5+ Ke8
21. Kf1 g5 22. hxg5 Bxg5 23. e3 Be6 24. Ke1 h4 25. gxh4 Bxh4 26. Kd1 Be7 27.
Bxe7 Kxe7 28. Kc1 c5 29. Kb2 cxb4 30. cxb4 c5 31. a3 cxb4 32. axb4 f5 33. Kc3
Kf6 34. Rd8 Kg5 35. Re8 f4 36. Rf8 Kg4 37. exf4 exf4 38. Kd4 Bd7 39. Nc4 Ra1
40. Ne5+ Kg5 41. Nxd7 Rd1+ 42. Ke5 Rxd7 43. Rf5+ 1-0

[Event "28. Abierto Ciudad de Sevilla"]
[Site "Sevilla ESP"]
[Date "2003.01.17"]
[Round "8"]
[White "Mirzoev, Azer"]
[Black "Pogorelov, Ruslan"]
[Result "0-1"]
[WhiteElo "2533"]
[BlackElo "2517"]
[PlyCount "110"]
[EventDate "2003.01.18"]
[EventType "swiss"]
[EventRounds "9"]
[EventCountry "ESP"]
[Source "lmi"]
[SourceDate "2003.01.10"]

1. d4 Nf6 2. c4 e6 3. Nc3 Bb4 4. e3 c5 5. Bd3 Nc6 6. Nf3 Bxc3+ 7. bxc3 d6 8. e4
e5 9. d5 Ne7 10. Nd2 h6 11. Nf1 Ng6 12. g3 Bg4 13. f3 Bh3 14. Ne3 Nh7 15. Rb1
b6 16. Qe2 Qf6 17. Ng2 O-O 18. O-O Qe7 19. Qc2 Qd7 20. Rf2 f5 21. exf5 Bxf5 22.
f4 Rae8 23. Bxf5 Qxf5 24. Qxf5 Rxf5 25. g4 Rff8 26. f5 Ne7 27. Bd2 Nf6 28. h3
h5 29. Ne3 g6 30. fxg6 Ne4 31. Re2 hxg4 32. hxg4 Rf4 33. Kh2 Ref8 34. Nf5 Nxf5
35. Bxf4 Nxc3 36. gxf5 Nxe2 37. Bg5 Rxf5 38. Be7 Kg7 39. Bxd6 Kxg6 40. Bb8 Rf2+
41. Kh3 Kf5 42. Re1 e4 43. a4 Nf4+ 44. Bxf4 Kxf4 45. Rg1 Rc2 46. Rg4+ Kf5 47.
Rg7 Rxc4 48. Rxa7 Ke5 49. Kg4 Rc1 50. Rb7 Rg1+ 51. Kh3 Kxd5 52. Rxb6 e3 53. Rb2
Kd4 54. a5 c4 55. a6 Ra1 0-1

[Event "28. Abierto Ciudad de Sevilla"]
[Site "Sevilla ESP"]
[Date "2003.01.18"]
[Round "9"]
[White "Rausis, Igors"]
[Black "Tiviakov, Sergei"]
[Result "1/2-1/2"]
[WhiteElo "2541"]
[BlackElo "2635"]
[PlyCount "22"]
[EventDate "2003.01.18"]
[EventType "swiss"]
[EventRounds "9"]
[EventCountry "ESP"]
[Source "lmi"]
[SourceDate "2003.01.10"]

1. c4 e5 2. g3 Nf6 3. Bg2 d5 4. cxd5 Nxd5 5. Nf3 Nc6 6. O-O Nb6 7. d3 Be7 8. a3
a5 9. b3 O-O 10. Bb2 f6 11. Nbd2 Be6 1/2-1/2

[Event "28. Abierto Ciudad de Sevilla"]
[Site "Sevilla ESP"]
[Date "2003.01.18"]
[Round "9"]
[White "Matamoros Franco, Carlos S"]
[Black "Xu, Jun"]
[Result "1-0"]
[WhiteElo "2460"]
[BlackElo "2626"]
[PlyCount "73"]
[EventDate "2003.01.18"]
[EventType "swiss"]
[EventRounds "9"]
[EventCountry "ESP"]
[Source "lmi"]
[SourceDate "2003.01.10"]

1. Nf3 d5 2. c4 c6 3. g3 Nf6 4. Bg2 dxc4 5. O-O Nbd7 6. Qc2 Nb6 7. a4 a5 8. Na3
Be6 9. Ng5 Bg4 10. Nxc4 Nxc4 11. Qxc4 e6 12. e4 Bh5 13. d4 h6 14. Nh3 Bg6 15.
Nf4 Bxe4 16. Bxe4 Nxe4 17. Nxe6 Qd7 18. Nc5 Nxc5 19. dxc5 Be7 20. Re1 Kf8 21.
Bf4 Bf6 22. Rad1 Qc8 23. Be5 Bxe5 24. Rxe5 h5 25. Rd6 h4 26. Qd3 hxg3 27. hxg3
Kg8 28. Rd7 Rh6 29. Ree7 Rf6 30. Qb3 Qf8 31. Qxb7 Re8 32. Qc7 Rxe7 33. Rxe7 g6
34. Re5 Qa8 35. Qd7 Kg7 36. Re8 Qa6 37. Qh3 1-0

[Event "28. Abierto Ciudad de Sevilla"]
[Site "Sevilla ESP"]
[Date "2003.01.18"]
[Round "9"]
[White "Rustemov, Alexander"]
[Black "Cabrera, Alexis"]
[Result "1-0"]
[WhiteElo "2604"]
[BlackElo "2478"]
[PlyCount "117"]
[EventDate "2003.01.18"]
[EventType "swiss"]
[EventRounds "9"]
[EventCountry "ESP"]
[Source "lmi"]
[SourceDate "2003.01.10"]

1. d4 Nf6 2. c4 g6 3. Nc3 Bg7 4. e4 d6 5. Nge2 O-O 6. f3 c6 7. Be3 a6 8. c5 b5
9. cxd6 exd6 10. Nf4 Ne8 11. Bd3 Nc7 12. h4 Nd7 13. h5 c5 14. Bc2 cxd4 15. Bxd4
Ne5 16. hxg6 hxg6 17. Bb3 Ne6 18. Nxe6 Bxe6 19. Qd2 Rc8 20. Rd1 Bc4 21. Bxc4
bxc4 22. Kf1 f5 23. Bxe5 dxe5 24. Qe3 Qe8 25. Rd6 Rd8 26. Qd2 Rxd6 27. Qxd6 Qf7
28. Ke2 g5 29. Qd5 Rb8 30. Rb1 Qxd5 31. Nxd5 fxe4 32. fxe4 Bf8 33. Kd2 Bb4+ 34.
Kc2 a5 35. Rf1 Bc5 36. Nf6+ Kg7 37. Nd7 Rc8 38. Nxe5 Bd4 39. Rf5 g4 40. Nxg4
Rb8 41. b3 cxb3+ 42. axb3 Rc8+ 43. Kd3 Bb2 44. Rg5+ Kf7 45. Ne5+ Bxe5 46. Rxe5
Rg8 47. Rxa5 Rxg2 48. Kd4 Ke6 49. Ra6+ Kd7 50. Rb6 Rg1 51. Rb4 Rc1 52. Rc4 Rb1
53. Rc3 Kd6 54. e5+ Kd7 55. Re3 Rc1 56. e6+ Ke7 57. b4 Rc6 58. b5 Rc8 59. Kd5
1-0